Statistics for US States Quiz - 10 mins

Click here to take the quiz!

General Stats

  • This quiz has been taken 5,350 times
  • The average score is 43 of 50

Answers on the Map

Answers color-coded by a green-red scale on the quiz's map according to % correct below.
 

Answer Stats

State% Correct
California
98%
Florida
97%
New York
97%
Texas
97%
Alaska
96%
Hawaii
95%
Washington
95%
Alabama
94%
North Dakota
92%
South Dakota
92%
New Mexico
91%
North Carolina
91%
Arizona
90%
Nevada
90%
Ohio
90%
South Carolina
90%
Georgia
88%
New Jersey
88%
Arkansas
87%
Colorado
87%
Idaho
87%
Kentucky
86%
Maine
86%
Michigan
86%
Mississippi
86%
Virginia
86%
Illinois
84%
Kansas
84%
Oregon
84%
Utah
84%
Pennsylvania
83%
Tennessee
83%
West Virginia
83%
Louisiana
82%
Rhode Island
82%
Wyoming
82%
Delaware
81%
Indiana
81%
Maryland
81%
Montana
81%
Oklahoma
80%
Connecticut
79%
Massachusetts
79%
Minnesota
79%
New Hampshire
79%
Nebraska
78%
Iowa
77%
Vermont
77%
Wisconsin
77%
Missouri
74%

Score Distribution

Percentile by Number Answered

Percent of People with Each Score

Your Score History

You have not taken this quiz